000 00564nam a2200193Ia 4500
005 20250923150023.0
008 008 250917s9999 xx 000 0 eng d
037 _aTextual
040 _aDSWL
_beng
_cDSWL
041 _aeng
_2eng
084 _aX:9B, N99
_qDSWL
245 0 _aAgainst child labour : Indian and international dimensions and strategies
_cEd. by Klaus Voll
260 _aNew Delhi
_b Musaic Books
_c1999
300 _a15360 p.
365 _aINR
_b600.00
925 _g600.00
942 _cTEXL
_hX:9B, N99
999 _c1458610
_d1458610